Firm size and competition (Record no. 108585)

MARC details
000 -LEADER
fixed length control field 01543cad a22002775a 4500
001 - CONTROL NUMBER
control field L144668
008 - FIXED-LENGTH DATA ELEMENTS--GENERAL INFORMATION
fixed length control field 110419s2008 xxkd f s 000 0 eng d
020 ## - INTERNATIONAL STANDARD BOOK NUMBER
International Standard Book Number 9781842194232
035 ## - SYSTEM CONTROL NUMBER
System control number (Sirsi) u144668
041 0# - LANGUAGE CODE
Language code of text/sound track or separate title eng
050 04 - LIBRARY OF CONGRESS CALL NUMBER
Classification number 338.7624 BAL
100 1# - MAIN ENTRY--PERSONAL NAME
Personal name Ball, Michael
245 00 - TITLE STATEMENT
Title Firm size and competition
Remainder of title a comparison of the housebuilding industries in Australia, the United Kingdom and the USA
Medium [electronic resource]
260 ## - PUBLICATION, DISTRIBUTION, ETC.
Place of publication, distribution, etc. London
Name of publisher, distributor, etc. RICS
Date of publication, distribution, etc. 2008
490 #0 - SERIES STATEMENT
Series statement RICS Research
Volume/sequential designation July 2008
505 2# - FORMATTED CONTENTS NOTE
Formatted contents note Abstract -- Introduction -- The market shares of the larger housebuilders -- Conclusions
520 ## - SUMMARY, ETC.
Summary, etc. Compares sizes of house building firms and the competition in Australia, Britain and the USA. Presents the common characteristics of Australian, British and American housing markets. Analyses in particular the market shares of large building companies. Compares firm sizes and growth rates, scale economies and the impact of geographic differences in market concentration between the three countries. Concludes that the British market has the highest level of concentration and explains the reasons for this. Contains tables.
590 ## - LOCAL NOTE (RLIN)
Local note KA
651 #4 - SUBJECT ADDED ENTRY--GEOGRAPHIC NAME
Geographic name United Kingdom
Chronological subdivision
651 #4 - SUBJECT ADDED ENTRY--GEOGRAPHIC NAME
Geographic name United States
Chronological subdivision 1959-
651 #4 - SUBJECT ADDED ENTRY--GEOGRAPHIC NAME
Geographic name Australia
690 ## - LOCAL SUBJECT ADDED ENTRY--TOPICAL TERM (OCLC, RLIN)
Topical term or geographic name as entry element PROPERTY-RESIDENTIAL PROPERTY-RESIDENTIAL PROPERTY MARKET
710 2# - ADDED ENTRY--CORPORATE NAME
Corporate name or jurisdiction name as entry element University of Reading
Subordinate unit Business School
9 (RLIN) 5590
856 40 - ELECTRONIC LOCATION AND ACCESS
Uniform Resource Identifier <a href="https://www.rics.org/site/download_feed.aspx?fileID=5098&fileExtension=PDF">https://www.rics.org/site/download_feed.aspx?fileID=5098&fileExtension=PDF</a>
Public note View this item at www.rics.org
942 ## - ADDED ENTRY ELEMENTS (KOHA)
Suppress in OPAC 0
Holdings
Withdrawn status Lost status Source of classification or shelving scheme Damaged status Not for loan Home library Current library Shelving location Date acquired Total Checkouts Full call number Barcode Date last seen Copy number Price effective from Koha item type
    Dewey Decimal Classification     Virtual Virtual Online 05/08/2008   ONLINE PUBLICATION 144668-1001 06/08/2019 1 06/08/2019 Book